Statistics for Ramones Songs

Click here to take the quiz!

General Stats

  • This quiz has been taken 12 times
  • The average score is 7 of 10

Answer Stats

HintAnswer% Correct
Just put me in a wheelchair, get me to the show hurry, hurry, hurry before I go locoI Wanna Be Sedated
100%
They're forming in a straight line, they're going through a tight wind, the kids are losing their mindBlitzkrieg Bop
75%
Do you remember lying in bed with the covers pulled up over your head radio playin' so no one can see?Do You Remember Rock N' Roll Radio
75%
Up on the roof out on the street down in the playground the hot concreteRockaway Beach
75%
Well, the kids are all hopped up and ready to goSheena Is a Punk Rocker
75%
I was feeling sick, losing my mind heard about this treatment by a friend of mineGimmie Gimmie Shock Treatment
50%
I don't wanna walk around with you so why you wanna walk around with me?I Don't Wanna Walk Around With You
50%
I am an outsider outside of everythingOutsider
50%
Gabba gabba we accept you we accept you one of usPinhead
50%
Now I guess I'll have to tell 'em that I got no CerebellumTeenage Lobotomy
50%

Score Distribution

Percentile by Number Answered

Percent of People with Each Score

Your Score History

You have not taken this quiz